00795nam a2200241 a 450000100100000000500170001000800410002702000150006804000250008304100130010808200170012110000340013824000380017224500960021026000320030630000170033850000340035550500330038965000260042265000400044870000390048874000260052700000471820200929151505.0830831s1981 sp 000 f spa  a847442240X aDO-SdBNPbspacBNPHU17aspahfre a813.4bG139a1 aGaillard, Robert,d1909-1975.10aCapitaine Le Fort II.lEspañol.10aEl almirante de las islas : /cRobert Gaillard ; traducción, Antonio González-Valiente. aBarcelona :bA.T.E.,c1981. av. ;c20 cm. aLa biblioteca posee el tomo 60 aV. 6 : Marías de las Islas 4aNovela estadounidense 4aLiteratura estadounidenseySIGLO XX1 aGonzález-Valiente, Antonio,etr.2 aMarías de las Islas